Airlines at SFO - Statistics

General Stats
  • This quiz has been taken 474 times
  • The average score is 35 of 48
Answer Stats
# Answer % Correct
46 United Airlines
97%
9 American Airlines
96%
19 Delta Air Lines
95%
4 Air China
94%
3 Air Canada
93%
15 China Airlines
91%
2 AeroMexico
90%
5 Air France
90%
13 British Airways
90%
30 Japan Airlines
89%
21 Emirates
88%
35 Lufthansa
88%
38 Qantas
87%
41 Southwest Airlines
87%
1 Aer Lingus
84%
16 China Eastern Airlines
84%
17 China Southern Airlines
84%
6 Air India
83%
31 JetBlue
81%
32 KLM
81%
33 Korean Air
79%
40 Singapore Airlines
78%
8 Alaska Airlines
77%
27 Hawaiian Airlines
77%
28 Iberia
77%
7 Air New Zealand
76%
14 Cathay Pacific
75%
26 Frontier Airlines
75%
44 TAP Air Portugal
74%
11 Asiana Airlines
72%
45 Turkish Airlines
72%
43 Swiss International Air Lines
71%
48 WestJet
71%
12 Avianca
69%
22 EVA Air
68%
47 Virgin Atlantic
67%
10 All Nippon Airways
64%
24 Finnair
59%
37 Philippine Airlines
58%
18 Copa Airlines
56%
39 Scandinavian Airlines
52%
23 Fiji Airways
50%
42 Sun Country Airlines
50%
20 El Al
48%
36 Norwegian
40%
25 French bee
33%
34 Level
32%
29 Interjet
30%
No matching quizzes found
Score Distribution
Percent of People with Each Score
Percentile by Number Answered
Your Score History
You have not taken this quiz